|
|
|
|
| LEADER |
01137nam a2200265 a 4500 |
| 001 |
11933619 |
| 008 |
090511r2005 njuab b 001 0 eng d |
| 010 |
|
|
|a \\\00029131
|
| 020 |
|
|
|a 8178083280
|
| 020 |
|
|
|a 0130812234
|
| 040 |
|
|
|a DLC
|c DLC
|d DLC
|
| 082 |
0 |
0 |
|a 621.382
|2 21
|
| 100 |
1 |
|
|a Couch, Leon W.
|
| 245 |
1 |
0 |
|a Digital and analog communication systems /
|c Leon W. Couch II.
|
| 250 |
|
|
|a 6th ed.
|
| 260 |
|
|
|a Upper Saddle River, N.J. :
|b Prentice Hall,
|a Delhi,IN. :
|b Pearson Education
|c c2001.(Reprinted 2005)
|
| 300 |
|
|
|a xxv, 758 p. :
|b ill., maps ;
|c 25 cm.
|
| 504 |
|
|
|a Includes bibliographical references (p. 716-728) and index.
|
| 541 |
1 |
|
|e 00003935
|
| 650 |
|
0 |
|a Telecommunication systems.
|
| 650 |
|
0 |
|a Digital communications.
|
| 852 |
4 |
|
|a Ayesha Abed Library
|j Generalshelf
|
| 999 |
|
|
|c 541
|d 541
|
| 952 |
|
|
|0 0
|1 0
|2 ddc
|4 0
|6 621_382000000000000_COU_2005
|7 0
|9 11376
|a BRACUL
|b BRACUL
|c GEN
|d 2010-06-30
|l 0
|o 621.382 COU
|p 3010013861
|r 2010-06-30
|t 1
|w 2010-06-30
|y BK
|
| 952 |
|
|
|0 0
|1 0
|2 ddc
|4 0
|6 621_382000000000000_COU_2005
|7 0
|9 18128
|a BRACUL
|b BRACUL
|c GEN
|d 2011-09-19
|l 1
|m 4
|o 621.382 COU
|p 3010013862
|r 2012-06-03
|s 2012-04-28
|t 2
|w 2011-09-19
|y BK
|